[Event "Pavlovo Good Year"]
[Site "Pavlovo"]
[Date "2012.08.??"]
[Round "3"]
[White "Danov, Alexander"]
[Black "Kosenkov, Evgeniy"]
[Result "1-0"]
[WhiteElo "2258"]
[BlackElo "2002"]
[PlyCount "43"]
[EventDate "2012.08.18"]
[EventType "tourn"]
[EventRounds "14"]
[EventCountry "RUS"]
[SourceTitle "EXT 2023"]
[Source "ChessBase"]
[SourceDate "2022.10.05"]
[SourceVersion "1"]
[SourceVersionDate "2022.10.05"]
[SourceQuality "1"]

1. d4 c5 2. dxc5 e6 3. c4 Bxc5 4. Nc3 Nf6 5. Nf3 b6 6. a3 Bb7 7. Bg5 0-0 8. e3 Be7 9. Qc2 Na6 10. b4 h6 11. Bh4 Nc7 12. Rd1 a5 13. Bxf6 Bxf6 14. b5 Qe7 15. Qb3 d5 16. Be2 dxc4 17. Bxc4 Bxf3 18. gxf3 Bxc3+ 19. Qxc3 Qc5 20. Rg1 g6 21. Rd7 Nd5 22. Rxg6+ 1-0

[Event "Pavlovo Good Year"]
[Site "Pavlovo"]
[Date "2012.08.??"]
[Round "3"]
[White "Kosenkov, Evgeniy"]
[Black "Danov, Alexander"]
[Result "1/2-1/2"]
[WhiteElo "2002"]
[BlackElo "2258"]
[PlyCount "40"]
[EventDate "2012.08.18"]
[EventType "tourn"]
[EventRounds "14"]
[EventCountry "RUS"]
[SourceTitle "EXT 2023"]
[Source "ChessBase"]
[SourceDate "2022.10.05"]
[SourceVersion "1"]
[SourceVersionDate "2022.10.05"]
[SourceQuality "1"]

1. d4 d5 2. c4 e6 3. Nf3 Nf6 4. Nc3 Be7 5. e3 0-0 6. b3 Bb4 7. Bd2 Bxc3 8. Bxc3 Ne4 9. Bb4 c5 10. Bxc5 Nxc5 11. dxc5 Qa5+ 12. Qd2 Qxc5 13. cxd5 exd5 14. Bd3 Bg4 15. Rc1 Qd6 16. Nd4 Nd7 17. h3 Be6 18. 0-0 Rac8 19. Qa5 a6 20. Nf5 Bxf5 1/2-1/2

[Event "Pavlovo Good Year"]
[Site "Pavlovo"]
[Date "2012.08.??"]
[Round "2"]
[White "Zanozin, Anatoly"]
[Black "Kosenkov, Evgeniy"]
[Result "0-1"]
[WhiteElo "2097"]
[BlackElo "2002"]
[PlyCount "120"]
[EventDate "2012.08.18"]
[EventType "tourn"]
[EventRounds "14"]
[EventCountry "RUS"]
[SourceTitle "EXT 2023"]
[Source "ChessBase"]
[SourceDate "2022.10.05"]
[SourceVersion "1"]
[SourceVersionDate "2022.10.05"]
[SourceQuality "1"]

1. e4 e5 2. Nf3 Nc6 3. d4 exd4 4. Nxd4 Bc5 5. Nb3 Bb6 6. Nc3 Qf6 7. Qe2 Nge7 8. Be3 0-0 9. 0-0-0 d6 10. h4 Be6 11. f3 Bxe3+ 12. Qxe3 a5 13. g4 Ng6 14. h5 Qf4 15. Qd2 Qxd2+ 16. Rxd2 Nf4 17. a3 Bxb3 18. cxb3 Ne5 19. Ne2 Nfd3+ 20. Kc2 Ne1+ 21. Kd1 N1xf3 22. Rc2 Nxg4 23. Bg2 Ne3+ 24. Kc1 Nxg2 25. Ng3 Nd4 26. Rxg2 Nxb3+ 27. Kb1 Rae8 28. Nf5 g6 29. Nh6+ Kg7 30. Nf5+ Kf6 31. hxg6 hxg6 32. Ne3 Rxe4 33. Nd5+ Ke5 34. Rg5+ f5 35. Nxc7 Nd2+ 36. Ka2 Rg4 37. Re1+ Ne4 38. Rxg4 fxg4 39. Nb5 g3 40. Nxd6 Kxd6 41. Rxe4 g2 42. Rg4 Rf2 43. Rxg6+ Kc5 44. Kb3 Kd4 45. Ka4 Rxb2 46. Kxa5 Ke3 47. a4 b6+ 48. Ka6 Kf2 49. Rf6+ Ke1 50. Rg6 Kf1 51. Rf6+ Rf2 52. Rg6 Ra2 53. Rf6+ Ke2 54. Rg6 Kf3 55. Rf6+ Ke4 56. Rg6 Rxa4+ 57. Kxb6 Kf3 58. Kc5 Rg4 59. Rf6+ Ke2 60. Re6+ Kd2 0-1

[Event "Nizhnij Novgorod Dubinin Memorial 18th"]
[Site "Nizhnij Novgorod"]
[Date "2011.01.03"]
[Round "?"]
[White "Agishev, Kirill T"]
[Black "Kosenkov, Evgeniy"]
[Result "1/2-1/2"]
[WhiteElo "1916"]
[BlackElo "2086"]
[PlyCount "30"]
[EventDate "2011.01.03"]
[EventType "swiss"]
[EventRounds "9"]
[EventCountry "RUS"]
[SourceTitle "EXT 2012"]
[Source "ChessBase"]
[SourceDate "2011.11.24"]
[SourceVersion "1"]
[SourceVersionDate "2011.11.24"]
[SourceQuality "1"]

1. e4 e5 2. Nf3 Nc6 3. Nc3 Nf6 4. d4 exd4 5. Nxd4 Bb4 6. Nxc6 bxc6 7. Bd3 d5 8. exd5 cxd5 9. 0-0 0-0 10. Bg5 c6 11. Qf3 Qd6 12. Bxf6 Qxf6 13. Qxf6 gxf6 14. Ne2 Rb8 15. c3 Bd6 1/2-1/2

[Event "Nizhnij Novgorod Dubinin Memorial 18th"]
[Site "Nizhnij Novgorod"]
[Date "2011.01.03"]
[Round "?"]
[White "Kosenkov, Evgeniy"]
[Black "Yezerskaja, Anastasija"]
[Result "1/2-1/2"]
[WhiteElo "2086"]
[BlackElo "1488"]
[PlyCount "30"]
[EventDate "2011.01.03"]
[EventType "swiss"]
[EventRounds "9"]
[EventCountry "RUS"]
[SourceTitle "EXT 2012"]
[Source "ChessBase"]
[SourceDate "2011.11.24"]
[SourceVersion "1"]
[SourceVersionDate "2011.11.24"]
[SourceQuality "1"]

1. e4 c5 2. Nc3 d6 3. f4 a6 4. Nf3 Nc6 5. d3 e6 6. g3 b5 7. Bg2 Rb8 8. 0-0 Be7 9. h3 Nf6 10. g4 0-0 11. Ne2 d5 12. e5 Nd7 13. Ng3 Bb7 14. Qe2 Qc7 15. g5 Rfc8 1/2-1/2

[Event "Nizhnij Novgorod Voroniatov Memor 4th"]
[Site "Nizhnij Novgorod"]
[Date "2007.06.11"]
[Round "?"]
[White "Kosenkov, Evgeniy"]
[Black "Smirnov, Sergey N"]
[Result "1/2-1/2"]
[WhiteElo "2076"]
[BlackElo "2172"]
[PlyCount "23"]
[EventDate "2007.06.11"]
[EventType "swiss"]
[EventRounds "9"]
[EventCountry "RUS"]
[SourceTitle "EXT 2022"]
[Source "ChessBase"]
[SourceDate "2021.10.06"]
[SourceVersion "1"]
[SourceVersionDate "2021.10.06"]
[SourceQuality "1"]

1. e4 e5 2. Nf3 Nc6 3. Bb5 a6 4. Bxc6 dxc6 5. d4 exd4 6. Qxd4 Qxd4 7. Nxd4 c5 8. Ne2 Nf6 9. Nbc3 Be6 10. Bg5 Be7 11. f3 0-0-0 12. Rd1 1/2-1/2

[Event "Voronezh op-B"]
[Site "Voronezh"]
[Date "2004.06.17"]
[Round "6"]
[White "Kosenkov, Evgeniy"]
[Black "Chernov, Vladimir1111"]
[Result "1-0"]
[WhiteElo "2126"]
[BlackElo "2279"]
[PlyCount "85"]
[EventDate "2004.06.12"]
[EventType "swiss"]
[EventRounds "9"]
[EventCountry "RUS"]
[SourceTitle "EXT 2005"]
[Source "ChessBase"]
[SourceDate "2004.11.15"]
[SourceVersion "1"]
[SourceVersionDate "2004.11.15"]
[SourceQuality "1"]

1. e4 c5 2. d3 Nc6 3. g3 d5 4. Nc3 d4 5. Nce2 e5 6. Bg2 Bd6 7. f4 h5 8. f5 g6 9. fxg6 fxg6 10. Nf3 Bg4 11. 0-0 Be7 12. h3 Be6 13. h4 Bg4 14. Ng5 Nh6 15. Rf2 Qd7 16. a3 0-0-0 17. Bd2 Rdf8 18. Rxf8+ Rxf8 19. b4 Nf7 20. Nxf7 Rxf7 21. bxc5 Bxc5 22. Be1 g5 23. hxg5 Be7 24. Bd2 Qd8 25. g6 Rg7 26. Qf1 Rxg6 27. Bh3 Qg8 28. Bxg4+ Rxg4 29. Qf5+ Kc7 30. Qxh5 Bh4 31. Be1 Bg5 32. Bf2 Bf4 33. Kg2 Nd8 34. Rh1 Rg7 35. Nxf4 exf4 36. Qe5+ Kc8 37. Qxf4 Ne6 38. Qe5 Qf7 39. Rh8+ Kd7 40. Qf5 Qe7 41. Rb8 Kc7 42. Qe5+ Qd6 43. Rxb7+ 1-0